000 00208nam a22000857a 4500
008 160820b xxu||||| |||| 00| 0 eng d
100 _9196
_aDass H.K
245 _aMathematics-XI
260 _aNew Delhi
_bS.Chand
_c2011
999 _c2853
_d2853